00894cam a22002177a 4500003000500000005001700005008004100022010001000063011001000073035001000083040000900093100003200102245015200134260004100286300003100327502017200358650004800530650002200578700003400600710004200634CHAP20220329142726.0010920d2001 mx r 00110 spa d a86899 a87871 a98415 cCHAP00aPérez Jiménez, Osvaldo.10aEvaluación del programa de apoyo al desarrollo rural 2001 en el Estado de Guerreroc/por Osvaldo Pérez Jiménez y Oscar Ariel Zerecero Salazar aChapingo, Méx. :bEl autor,c2003. a75 h. :bgráfs. ; anexos aTesis (Ing. Agr. Esp. en Economía Agrícola y Lic. en Comercio Internacional de Productos Agropecuarios) -- UACH. División de Ciencias Económico Administrativas04aDesarrollo de la comunidad ruralzGuerrero.14aDesarrollo rural.00aZerecero Salazar, Oscar Ariel00aPrograma de Apoyo al Desarrollo Rural